Biblioteca

Una pizca de prevención : La prevención de la condición homosexual en la juventud actual / Don Schmierer ; Liliana G. De Marco, Traductor (Registro nro. 37147)

Detalles MARC
000 -LÍDER
Campo fijo de descripción fija 006140000a22001930004500
020 ## - NÚMERO INTERNACIONAL NORMALIZADO PARA LIBROS
Número Internacional Normalizado del libro 0-939497-52-2
041 0# - CÓDIGO DE IDIOMA
Código de idioma para texto/pista de sonido o título separado
082 04 - NÚMERO DE CLASIFICACIÓN DECIMAL DEWEY
Número de clasificación G 261.8357 S3549p
001 - NÚMERO DE CONTROL
Campo de control 6899
100 1# - ASIENTO PRINCIPAL--NOMBRE PERSONAL
Nombre personal Schmierer, Don
245 10 - TÍTULO
Título del Material Una pizca de prevención : La prevención de la condición homosexual en la juventud actual / Don Schmierer ; Liliana G. De Marco, Traductor
260 ## - PUBLICACIÓN, DISTRIBUCIÓN, ETC. (PIE DE IMPRENTA)
Lugar de publicación, distribución, etc. Santa Ana, CA., USA : Promesa
300 ## - DESCRIPCIÓN FÍSICA
Extensión 246 Pag
336 ## - CONTENT TYPE
Content type term texto
Content type code txt
Source rdacontent
337 ## - MEDIA TYPE
Source rdamedia
Media type term sin mediación
Media type code n
338 ## - CARRIER TYPE
Source rdacarrier
Carrier type term volumen
Carrier type code nc
500 ## - NOTA GENERAL
Nota General Título original : An ounce of prevention
942 ## - TIPO DE MATERIAL (KOHA)
Tipo de Item KOHA Libros General
Existencias
Estado de Material Estado de Perdido Estado de Dañado No para Préstamo Colección Tomo Biblioteca de Origen Biblioteca Permanente Fecha de Adquisición Total de Préstamos Signatura Topográfica Código de Barras Última vez visto Ejemplar/Existencia Tipo de Material
        Colección General   Biblioteca FUSBC Biblioteca FUSBC 05/01/2005   G 261.8357 S3549p 27438 12/12/2019 1 Libros General
        Colección General   Biblioteca FUSBC Biblioteca FUSBC 05/01/2005   G 261.8357 S3549p 27439 12/12/2019 2 Libros General

Biblioteca FUSBC | Teléfono: (57+4) 349 88 10 Ext. 141| WhatsApp (+57) 3005338115 
E-mail: biblioteca@unisbc.edu.co | Calle 76 87-14 Robledo Palenque, Medellín, Colombia

Con tecnología Koha